000 01087 a2200193 4500
003 Nust
005 20170207154028.0
010 _a 2001046841
020 _a1556229070 (pbk.)
040 _cNust
082 0 0 _a620/.0042/02855369
100 1 _aGrabowski, Ralph.
245 1 0 _aLearn AutoCAD LT 2002-(E-BOOK)
_cby Ralph Grabowski.
260 _aPlano, TX :
_bWordware Pub.,
_cc2002.
300 _axiii, 382 p. :
_bill. ;
_c24 cm. +
_e1 computer optical disc (4 3/4 in.)
505 _aChapter 1 AutoCAD LT 2002 Quick Tour 1 Chapter 2 Setting Up the Drawing. 27 Chapter 3 Creating Your First Drawing 51 Chapter 4 Adding Details to a Drawing 79 Chapter 5 Making Changes to the Drawing 111 Chapter 6 Adding Notes and Dimensions 135 Chapter 7 The AutoCAD DesignCenter 165 Chapter 8 Creating Symbols and Attributes 179 Chapter 9 Bills of Material 203 Chapter 10 Region Modeling 219 Chapter 11 Accessing Autodesk’s Portals 233 Chapter 12 Connecting with the Internet . 253 Chapter 13 Drawings on the Web 277 Chapter 14 Isometric Drafting 299
650 0 _aComputer graphics.
651 _aE-BOOK
942 _2ddc
_cBK
999 _c192016
_d192016